Grösste Schweizer Städte im Jahr 1900 - Statistiken

Allgemein
  • Dieses Quiz wurde 742 mal gespielt
  • Das Durchschnittsergebnis liegt bei 13 aus 24
Antwortstatistiken
Bevölkerung Stadt % Korrekt
1 150'703 Zürich
100%
3 64'227 Bern
98%
4 59'437 Genf
97%
2 109'161 Basel
94%
5 46'732 Lausanne
85%
6 39'339 Luzern
84%
8 33'116 St. Gallen
82%
9 22'335 Winterthur
75%
22 9'394 Lugano
74%
10 22'016 Biel
68%
20 11'532 Chur
68%
11 20'843 Neuenburg
63%
14 15'275 Schaffhausen
61%
13 15'794 Freiburg
61%
21 10'025 Solothurn
51%
24 8'986 Montreux-Châtelard
29%
7 35'968 La Chaux-de-Fonds
27%
19 11'781 Vevey
21%
15 13'497 Herisau
16%
17 12'559 Le Locle
7%
23 9'140 Rorschach
6%
18 11'872 Les Eaux-Vives
2%
12 19'667 Plainpalais
1%
16 12'590 Tablat
1%
Keine übereinstimmenden Quizze gefunden
Verteilung der Resultate
Anzahl Personen mit jedem Resultat
Perzentil nach korrekt beantworteten Fragen
Ihre Resultats-Entwicklung
Sie haben dieses Quiz noch nicht gespielt